Lý thuyết trật tự từ trong cú pháp
Trình bày những cơ sở lý luận chung về lý thuyết trật tự từ trong cú pháp và đưa ra một số bài nghiên cứu cụ thể, làm mẫu cho học viên trong công việc nghiên cứu triển khai.
সংরক্ষণ করুন:
| প্রধান লেখক: | |
|---|---|
| বিন্যাস: | গ্রন্থ |
| ভাষা: | Undetermined |
| প্রকাশিত: |
H.
Đại học Quốc gia Hà Nội
2008
|
| বিষয়গুলি: | |
| অনলাইন ব্যবহার করুন: | http://lrc.tdmu.edu.vn/opac/search/detail.asp?aID=2&ID=7493 |
| ট্যাগগুলো: |
ট্যাগ যুক্ত করুন
কোনো ট্যাগ নেই, প্রথমজন হিসাবে ট্যাগ করুন!
|
| Thư viện lưu trữ: | Trung tâm Học liệu Trường Đại học Thủ Dầu Một |
|---|
| LEADER | 01034nam a2200205Ia 4500 | ||
|---|---|---|---|
| 001 | TDMU_7493 | ||
| 008 | 210410s9999 xx 000 0 und d | ||
| 082 | |a 495.9225 | ||
| 090 | |b L600 | ||
| 100 | |a Lý, Toàn Thắng | ||
| 245 | 0 | |a Lý thuyết trật tự từ trong cú pháp | |
| 245 | 0 | |c Lý Toàn Thắng | |
| 260 | |a H. | ||
| 260 | |b Đại học Quốc gia Hà Nội | ||
| 260 | |c 2008 | ||
| 300 | |a 158 tr. | ||
| 520 | |a Trình bày những cơ sở lý luận chung về lý thuyết trật tự từ trong cú pháp và đưa ra một số bài nghiên cứu cụ thể, làm mẫu cho học viên trong công việc nghiên cứu triển khai. | ||
| 650 | |a Tiếng Việt |x Ngữ pháp; Tiếng Việt |x Trật tự từ |v Giáo trình; Tiếng Việt |x Cú pháp |v Giáo trình | ||
| 856 | |u http://lrc.tdmu.edu.vn/opac/search/detail.asp?aID=2&ID=7493 | ||
| 980 | |a Trung tâm Học liệu Trường Đại học Thủ Dầu Một | ||